Pays lauréats de l'Oscar du meilleur film international - Mort Subite - Statistiques

Statistiques générales
  • Ce quiz a été pris 59 fois
  • Le résultat moyen est 3 sur 15
Answers on the Grid
Answers color-coded by a green-red scale on the quiz's grid according to % correct below.
France
Suède
Iran
Mexique
Pologne
Chili
Bosnie-Herzégovine
Cote d'Ivoire
Canada
Italie
Autriche
Belgique
Inde
Israël
Cuba
Perou
Vietnam
Tunisie
Chine
Grèce
Norvège
Ukraine
Maroc
Thaïlande
Indonésie
Corée du Sud
Afrique du Sud
Hongrie
Roumanie
Algérie
 
Statistiques - réponses
Réponse % Correct
France
83%
Corée du Sud
54%
Italie
41%
Suède
29%
Canada
27%
Pologne
22%
Iran
17%
Mexique
12%
Bosnie-Herzégovine
10%
Autriche
7%
Afrique du Sud
5%
Hongrie
5%
Chili
2%
Cote d'Ivoire
2%
Algérie
0%
Aucun quiz correspondant
Distribution des résultats
% des personnes avec chaque résultat
Percentile par nombre de réponses
Votre historique - résultats
Vous n’avez pas pris ce quiz